[Event "Koltanowski Team Match"]
[Site "San Francisco"]
[Date "1999.02.08"]
[Round "7"]
[White "Cartagena, Omar"]
[Black "Hergott, Deen"]
[Result "1/2-1/2"]
[WhiteElo "2440"]
[BlackElo "2390"]
[PlyCount "36"]
[EventDate "1999.02.02"]
[EventType "schev"]
[EventRounds "9"]
[EventCountry "USA"]
[SourceTitle "CBM 068 Extra"]
[Source "ChessBase"]
[SourceDate "1999.03.01"]
[SourceVersion "1"]
[SourceVersionDate "1999.03.01"]
[SourceQuality "1"]

1. e4 e6 2. d4 d5 3. Nd2 dxe4 4. Nxe4 Nd7 5. Nf3 Ngf6 6. Nxf6+ Nxf6 7. Bd3 c5 8. dxc5 Bxc5 9. 0-0 0-0 10. Qe2 b6 11. Bg5 Bb7 12. Rad1 Qc7 13. Ne5 Nd5 14. c4 Bd6 15. cxd5 Bxe5 16. dxe6 fxe6 17. Qh5 g6 18. Qh3 Bd5 1/2-1/2

[Event "Koltanowski Team Match"]
[Site "San Francisco"]
[Date "1999.02.05"]
[Round "4"]
[White "Zugic, Igor"]
[Black "Cartagena, Omar"]
[Result "1-0"]
[WhiteElo "2370"]
[BlackElo "2440"]
[PlyCount "83"]
[EventDate "1999.02.02"]
[EventType "schev"]
[EventRounds "9"]
[EventCountry "USA"]
[SourceTitle "CBM 068 Extra"]
[Source "ChessBase"]
[SourceDate "1999.03.01"]
[SourceVersion "1"]
[SourceVersionDate "1999.03.01"]
[SourceQuality "1"]

1. d4 d5 2. c4 e6 3. Nc3 c5 4. cxd5 exd5 5. Nf3 Nc6 6. g3 Nf6 7. Bg2 c4 8. Ne5 Bb4 9. 0-0 0-0 10. Bg5 Bxc3 11. bxc3 h6 12. Bxf6 Qxf6 13. f4 Ne7 14. e4 dxe4 15. Bxe4 Qa6 16. f5 f6 17. Ng4 Bd7 18. Qf3 Rab8 19. Rae1 Qd6 20. Bxb7 Bxf5 21. Nf2 Qd7 22. Ba6 Be6 23. Qe2 Rb6 24. Bxc4 Bxc4 25. Qxc4+ Nd5 26. Ne4 Rb2 27. Nc5 Qf7 28. Rf5 Nb6 29. Qxf7+ Kxf7 30. Rf2 Rxf2 31. Kxf2 f5 32. Re5 g6 33. Ke2 Re8 34. Rxe8 Kxe8 35. Kd3 Nd5 36. Kc4 Ne3+ 37. Kb5 g5 38. Kc6 h5 39. d5 Nc4 40. Ne6 g4 41. d6 Ne5+ 42. Kc7 1-0

[Event "Koltanowski Team Match"]
[Site "San Francisco"]
[Date "1999.02.02"]
[Round "1"]
[White "Cartagena, Omar"]
[Black "Ziatdinov, Raset"]
[Result "0-1"]
[WhiteElo "2440"]
[BlackElo "2511"]
[PlyCount "74"]
[EventDate "1999.02.02"]
[EventType "schev"]
[EventRounds "9"]
[EventCountry "USA"]
[SourceTitle "CBM 068 Extra"]
[Source "ChessBase"]
[SourceDate "1999.03.01"]
[SourceVersion "1"]
[SourceVersionDate "1999.03.01"]
[SourceQuality "1"]

1. e4 e5 2. Nf3 Nc6 3. Bc4 Nf6 4. d3 Bc5 5. 0-0 d6 6. c3 Bb6 7. h3 Ne7 8. Re1 0-0 9. Nbd2 c6 10. Bb3 Ng6 11. d4 exd4 12. cxd4 d5 13. exd5 cxd5 14. Nf1 Ne4 15. Be3 Be6 16. Rc1 f5 17. Ng3 Kh8 18. Bd2 Qd6 19. a3 a5 20. Nf1 Bc7 21. Ba4 Bd7 22. Bxd7 Qxd7 23. Qb3 a4 24. Qd3 Bd6 25. Rc2 Rfe8 26. Bc1 Ra6 27. h4 Rb6 28. h5 Ne7 29. Ne5 Bxe5 30. dxe5 Rb3 31. Qd1 Qb5 32. Nd2 Rd3 33. Qe2 Nc6 34. Nf3 Qb3 35. Bf4 Rxf3 36. gxf3 Nd4 37. Qd1 Nxc2 0-1

[Event "Max Wilkerson"]
[Site "San Francisco"]
[Date "1998.11.29"]
[Round "10"]
[White "Cartagena, Omar"]
[Black "Pinto, Mark A"]
[Result "1-0"]
[WhiteElo "2435"]
[BlackElo "2165"]
[PlyCount "71"]
[EventDate "1998.11.18"]
[EventType "tourn"]
[EventRounds "11"]
[EventCountry "USA"]
[EventCategory "2"]
[SourceTitle "CBM 067 Extra"]
[Source "ChessBase"]
[SourceDate "1999.01.01"]
[SourceVersion "1"]
[SourceVersionDate "1999.01.01"]
[SourceQuality "1"]

1. e4 c6 2. d4 d5 3. e5 Bf5 4. h4 h5 5. c4 e6 6. Nc3 Na6 7. a3 Nc7 8. Bg5 Be7 9. Qd2 f6 10. Bf4 Qd7 11. c5 Nh6 12. Be2 Nf7 13. Nf3 Bg4 14. b4 b6 15. Na4 bxc5 16. Nxc5 Bxc5 17. bxc5 Bxf3 18. Bxf3 fxe5 19. dxe5 Qe7 20. Rc1 g6 21. Be2 Kd7 22. g3 Rhg8 23. Kf1 Rab8 24. Kg2 Rb3 25. a4 Rgb8 26. Bd3 Nh8 27. Rhd1 Ne8 28. Qa5 R3b7 29. Ba6 Rb2 30. Bf1 R2b7 31. Kg1 Qd8 32. Rxd5+ cxd5 33. c6+ Kc8 34. cxb7+ Kxb7 35. Qa6+ Ka8 36. Qc6+ 1-0

[Event "San Francisco Linklater"]
[Site "San Francisco"]
[Date "1998.??.??"]
[Round "3"]
[White "Cartagena, Omar"]
[Black "Shipman, Walter"]
[Result "1-0"]
[WhiteElo "2430"]
[BlackElo "2350"]
[PlyCount "57"]
[EventDate "1998.02.03"]
[EventType "tourn"]
[EventRounds "9"]
[EventCountry "USA"]
[EventCategory "5"]
[SourceTitle "CBM 063 Extra"]
[Source "ChessBase"]
[SourceDate "1998.04.29"]
[SourceVersion "1"]
[SourceVersionDate "1998.04.29"]
[SourceQuality "1"]

1. e4 e5 2. Nf3 Nc6 3. Bb5 Nge7 4. 0-0 Ng6 5. d4 exd4 6. Nxd4 Bc5 7. Nf5 0-0 8. Nc3 Re8 9. Qh5 d6 10. Bg5 f6 11. Bd2 Be6 12. Rad1 Bf7 13. Qg4 Nce5 14. Qg3 c6 15. Be2 Be6 16. Na4 Qc7 17. Nxc5 dxc5 18. Ne3 Nf8 19. Bc3 Kh8 20. f4 Ned7 21. Bh5 Re7 22. e5 fxe5 23. Qg5 Qd8 24. f5 Bg8 25. Rd6 Re8 26. f6 g6 27. Qh6 Re7 28. Bxe5 Rf7 29. Qg7+ 1-0

[Event "San Francisco Linklater"]
[Site "San Francisco"]
[Date "1998.??.??"]
[Round "5"]
[White "Cartagena, Omar"]
[Black "Zilberstein, Dmitry"]
[Result "1/2-1/2"]
[WhiteElo "2430"]
[BlackElo "2310"]
[PlyCount "141"]
[EventDate "1998.02.03"]
[EventType "tourn"]
[EventRounds "9"]
[EventCountry "USA"]
[EventCategory "5"]
[SourceTitle "CBM 063 Extra"]
[Source "ChessBase"]
[SourceDate "1998.04.29"]
[SourceVersion "1"]
[SourceVersionDate "1998.04.29"]
[SourceQuality "1"]

1. e4 Nf6 2. e5 Nd5 3. c4 Nb6 4. d4 d6 5. exd6 cxd6 6. Nc3 g6 7. Be3 Bg7 8. Rc1 0-0 9. b3 Nc6 10. d5 Nb8 11. Be2 e5 12. dxe6 Bxe6 13. Nf3 Nc6 14. 0-0 Qd7 15. Qd2 Rad8 16. Rfd1 Rfe8 17. Nb5 Nc8 18. Bg5 f6 19. Bf4 Ne5 20. Nfd4 Bf7 21. Nc2 d5 22. cxd5 Bxd5 23. Ne3 Bc6 24. Qc2 Qe7 25. Nd4 Nb6 26. Bxe5 Qxe5 27. Nxc6 bxc6 28. Bf1 Rc8 29. Nc4 Nxc4 30. Qxc4+ Kh8 31. Rd7 Re7 32. Rcd1 h5 33. g3 Rc7 34. R7d6 Kh7 35. Rxc6 Rxc6 36. Qxc6 Rc7 37. Qd5 f5 38. Bc4 Qxd5 39. Rxd5 Bc3 40. h3 Kg7 41. Kg2 Bb4 42. f3 a5 43. a4 Re7 44. g4 hxg4 45. hxg4 fxg4 46. fxg4 Bc3 47. Kf3 Re5 48. Rd7+ Kf8 49. Rd3 Bb2 50. Bd5 g5 51. b4 axb4 52. a5 Re1 53. a6 Ra1 54. Bc4 Ke7 55. Ke4 Ra5 56. Rd5 Ra4 57. Rd3 Ra5 58. Rd2 Bc1 59. Ra2 Ba3 60. Rh2 Kd6 61. Rh7 Kc5 62. Rc7+ Kb6 63. Rb7+ Kc5 64. Bd3 Kc6 65. Kf3 Kc5 66. a7 Bc1 67. Ke2 Ra2+ 68. Kf3 b3 69. Rc7+ Kd4 70. Bb1 Ra3 71. Ke2 1/2-1/2

[Event "California-ch"]
[Site "California"]
[Date "1997.??.??"]
[Round "?"]
[White "Cartagena, Omar"]
[Black "Lobo, Richard"]
[Result "0-1"]
[WhiteElo "2425"]
[BlackElo "2335"]
[PlyCount "68"]
[EventDate "1997.??.??"]
[EventType "tourn"]
[EventRounds "7"]
[EventCountry "USA"]
[SourceTitle "EXT 1999"]
[Source "ChessBase"]
[SourceDate "1998.11.16"]
[SourceVersion "1"]
[SourceVersionDate "1998.11.16"]
[SourceQuality "1"]

1. e4 c5 2. Nf3 d6 3. Bb5+ Bd7 4. Bxd7+ Qxd7 5. 0-0 Nc6 6. c3 Nf6 7. Re1 e6 8. d4 cxd4 9. cxd4 d5 10. e5 Ne4 11. Be3 Be7 12. Re2 0-0 13. Ne1 f6 14. f3 Ng5 15. exf6 Bxf6 16. Nc3 Nf7 17. f4 Nd6 18. Nf3 Rf7 19. Bf2 h6 20. Qd3 Re8 21. Rae1 Rff8 22. a3 b6 23. g4 Bd8 24. Bg3 Nc4 25. g5 hxg5 26. Nxg5 Bxg5 27. fxg5 Nd6 28. Bxd6 Qxd6 29. Qh3 Nxd4 30. g6 Nxe2+ 31. Rxe2 Rf4 32. Nb5 Qc5+ 33. Kg2 Qxb5 34. Rxe6 Qxb2+ 0-1

[Event "California-ch"]
[Site "California"]
[Date "1997.??.??"]
[Round "?"]
[White "Izumikawa, Burt"]
[Black "Cartagena, Omar"]
[Result "0-1"]
[WhiteElo "2395"]
[BlackElo "2425"]
[PlyCount "68"]
[EventDate "1997.??.??"]
[EventType "tourn"]
[EventRounds "7"]
[EventCountry "USA"]
[SourceTitle "EXT 1999"]
[Source "ChessBase"]
[SourceDate "1998.11.16"]
[SourceVersion "1"]
[SourceVersionDate "1998.11.16"]
[SourceQuality "1"]

1. d4 d5 2. c4 Nc6 3. Nc3 Nf6 4. cxd5 Nxd5 5. e4 Nxc3 6. bxc3 e5 7. d5 Nb8 8. Nf3 Bd6 9. Be2 Nd7 10. 0-0 0-0 11. Rb1 Nc5 12. Nd2 f5 13. Bf3 b6 14. c4 f4 15. Bg4 Qh4 16. Bxc8 Raxc8 17. Ba3 f3 18. Nxf3 Qxe4 19. Bxc5 Bxc5 20. Qa4 Qf4 21. Rbd1 Bd6 22. Nd2 Bc5 23. Nf3 Rf6 24. Qd7 Rcf8 25. Kh1 e4 26. Ng1 Qe5 27. f4 Rxf4 28. Rxf4 Qxf4 29. Qe6+ Kh8 30. Re1 e3 31. Nf3 Qxc4 32. h3 Qxa2 33. Ne5 Qf2 34. Nd3 Qg3 0-1

[Event "National op"]
[Site "Las Vegas"]
[Date "1997.??.??"]
[Round "4"]
[White "Sarkar, Justin"]
[Black "Cartagena, Omar"]
[Result "0-1"]
[WhiteElo "2225"]
[BlackElo "2505"]
[PlyCount "66"]
[EventDate "1997.08.03"]
[EventType "swiss"]
[EventRounds "6"]
[EventCountry "USA"]
[SourceTitle "CBM 058 Extra"]
[Source "ChessBase"]
[SourceDate "1997.07.29"]
[SourceVersion "1"]
[SourceVersionDate "1997.07.29"]
[SourceQuality "1"]

1. e4 c5 2. Nf3 Nc6 3. d4 cxd4 4. Nxd4 Nf6 5. Nc3 e5 6. Ndb5 d6 7. Bg5 a6 8. Na3 b5 9. Bxf6 gxf6 10. Nd5 Bg7 11. Qh5 Ne7 12. Ne3 d5 13. Nxd5 Nxd5 14. 0-0-0 0-0 15. Rxd5 Qe7 16. Rd3 f5 17. exf5 e4 18. Rb3 Qe5 19. Be2 Bxf5 20. g3 Qf6 21. Bg4 Bg6 22. Qc5 Rfd8 23. h4 h5 24. Bh3 Bh6+ 25. Kb1 Rd2 26. Rf1 Rad8 27. Ka1 e3 28. Rxe3 Bxe3 29. Qxe3 b4 30. Nb1 Rxc2 31. Qb3 a5 32. a4 Qc6 33. Qe3 Qxa4+ 0-1

[Event "California-ch"]
[Site "USA"]
[Date "1996.??.??"]
[Round "4"]
[White "Cartagena, Omar"]
[Black "Koploy, Paul"]
[Result "1-0"]
[WhiteElo "2380"]
[BlackElo "2330"]
[PlyCount "76"]
[EventDate "1996.??.??"]
[EventType "tourn"]
[EventRounds "6"]
[EventCountry "USA"]
[EventCategory "5"]
[SourceTitle "EXT 1998"]
[Source "ChessBase"]
[SourceDate "1997.11.17"]
[SourceVersion "1"]
[SourceVersionDate "1997.11.17"]
[SourceQuality "1"]

1. e4 e6 2. d4 d5 3. Nc3 Nf6 4. Qd3 c5 5. exd5 exd5 6. Bg5 cxd4 7. Qxd4 Be7 8. 0-0-0 Nc6 9. Qa4 0-0 10. Nf3 Be6 11. Nd4 Qb6 12. Be3 Qc7 13. Bd3 a6 14. Nxe6 fxe6 15. Qh4 Bb4 16. Na4 b5 17. Nc5 Qf7 18. c3 Ba5 19. Nb3 Bd8 20. Qh3 Re8 21. Nd4 Ne5 22. Bc2 Nc4 23. Rhe1 g6 24. f4 Bb6 25. Kb1 Rad8 26. Bc1 e5 27. Nc6 e4 28. Nxd8 Rxd8 29. f5 Ne5 30. fxg6 hxg6 31. Rf1 Rd6 32. Bxe4 Qe8 33. Bc2 Nfg4 34. Qg3 b4 35. h3 Nf6 36. Rde1 Nfd7 37. Bf4 Re6 38. Bb3 Nc4 1-0

[Event "Far East Bank op"]
[Site "Manila"]
[Date "1990.06.05"]
[Round "8"]
[White "Zuniga, Dante"]
[Black "Cartagena, Omar"]
[Result "1-0"]
[WhiteElo "2041"]
[BlackElo "2280"]
[PlyCount "82"]
[EventDate "1990.05.28"]
[EventType "swiss"]
[EventRounds "11"]
[EventCountry "PHI"]
[SourceTitle "EXT 2015"]
[Source "ChessBase"]
[SourceDate "2014.11.20"]
[SourceVersion "1"]
[SourceVersionDate "2014.11.20"]
[SourceQuality "1"]

1. c4 e5 2. Nc3 Nf6 3. Nf3 Nc6 4. g3 d5 5. cxd5 Nxd5 6. d3 Be7 7. Bg2 Nb6 8. 0-0 0-0 9. a3 Be6 10. b4 a5 11. b5 Nd4 12. Bb2 Nb3 13. Rb1 f6 14. Nd2 Nxd2 15. Qxd2 Nc4 16. Qc1 Nxb2 17. Qxb2 Rb8 18. Rfc1 Qd4 19. Nd5 Bd6 20. Qxd4 exd4 21. Nxc7 Ba2 22. Ra1 Bb3 23. b6 Rfd8 24. Nb5 Bf8 25. Rc7 a4 26. Rb1 Bd5 27. Bxd5+ Rxd5 28. Rc4 Rbd8 29. Rxa4 Bc5 30. Nc7 R5d6 31. Rb5 Rc6 32. Rc4 Bxa3 33. Rxc6 bxc6 34. Rb1 Bd6 35. Ne6 Rb8 36. b7 c5 37. Rb5 Be7 38. Nc7 Bd8 39. Na6 Bb6 40. Nxb8 Kf7 41. Nd7 Ba7 1-0